Ukraine

Titel: Ukraine : plan touristique
Maßstab: 1:3 500 000
Veröffentlicht: Kyiv : Mission "Ukraine-Cognita", © 2003
Umfang: 1 Karte : farbig ; 27 x 39 cm, gefaltet 21 x 10 cm
Format: Karte
Sprache: Französisch
Schlagworte:
Kein Bild verfügbar
X
alg: 54295288
001A    $03004:16-03-26 
001B    $03004:16-03-26 $t14:09:37.000 
001D    $03004:16-03-26 
001U    $0utf8 
001X    $00 
002@    $0Kau 
002C    $akartografisches Bild $bcri $2rdacontent 
002D    $aohne Hilfsmittel zu benutzen $bn $2rdamedia 
002E    $aBlatt $bnb $2rdacarrier 
003@    $0542952882 
010@    $afre 
010E    $erda 
011@    $a2003 $n© 2003 
013D    $RGrafische Darstellung $#Maps $#Cartes $#Plans $#Carte geografiche $#Mapas $#maps $#Map $#Karten $#Amtliche Karte Formschlagwort $#Landkarte $#Wandkarte Formschlagwort $#Wanderkarte Formschlagwort $#Straßenkarte Formschlagwort $#Weltkarte Formschlagwort $#Karten $#Landkarten $#Kartenmaterial $#Geografische Karte $74029783-4 $8Karte [Tsz] $9085078743 
021A    $aUkraine $dplan touristique 
033A    $pKyiv $nMission "Ukraine-Cognita" 
034D    $a1 Karte 
034I    $a27 x 39 cm, gefaltet 21 x 10 cm 
034M    $afarbig 
035E    $a1:3 500 000 
037A    $aNebenkarte: Ukraine. Carte administrative et territoriale, 9 x 12 cm 
037A    $aMit touristischen Informationen und Illustrationen 
044K    $RUkrainische SSR $#Ukraine $#Ukraine $#Ukraine $#Украïна $#Ukrainische SSR $#Ukrajina $#Ukraina $#Ukraïna Ukraine $#Ukraina Ukraine $#Ukrajna $74061496-7 $8Ukraine [Tg1] $9085170801 
044K    $RReise $RTourismusforschung $RReiseverkehr $#Tourism $#Tourisme $#tourism $#Tourismus $#Tourismus $#Tourismus $#Touristik Fremdenverkehr $#Fremdenverkehr $74018406-7 $8Tourismus [Ts1] $9085043508 
045F    $a910.9477090511 $eDDC23BSB 
045F/01 $a910 
045F/03 $f090511 
045F/03 $g477 
045R    $aGeschichte 2003 

lok: 54295288 24

exp: 54295288 24 1 #EPN
201B/01 $016-03-26 $t14:06:44.000 
201C/01 $016-03-26 
201U/01 $0utf8 
203@/01 $01337581836 
208@/01 $a16-03-26 $bz 
209A/01 $aK 42 II L 36 a $dd $f050 $hK 42 2 L 36 / + 1 $x00 
209C/01 $aK 2026.00075 K $h26 00075 K 
220C/01 $awei 
247C/01 $8358050-7 Marburg, Bibliothek des Herder-Instituts Marburg $9102600961 

exp: 54295288 24 2 #EPN
201B/02 $016-03-26 $t14:06:44.000 
201C/02 $016-03-26 
201U/02 $0utf8 
203@/02 $01337581844 
208@/02 $a16-03-26 $bz 
209A/02 $aK 42 II L 36 b $dd $f050 $hK 42 2 L 36 / + 2 $x00 
209C/02 $aK 2026.00075 K $h26 00075 K 
220C/02 $awei 
247C/02 $8358050-7 Marburg, Bibliothek des Herder-Instituts Marburg $9102600961
LEADER 00000cem a2200000 c 4500
001 542952882
003 DE-603
005 20260316140937.0
007 a|||||||
008 260316s2003 xx |||||| a || | ||fre c
035 |a (DE-599)HEB542952882 
040 |a DE-603  |b ger  |c DE-603  |d DE-603  |e rda 
041 |a fre 
082 0 4 |8 1\u  |a 910.9477090511  |q DE-101  |2 23/BSB 
085 |8 1\u  |b 910 
085 |8 1\u  |z 1  |s 090511 
085 |8 1\u  |z 2  |s 477 
245 0 0 |a Ukraine  |b plan touristique 
255 |a 1:3 500 000 
264 1 |a Kyiv  |b Mission "Ukraine-Cognita"  |c © 2003 
300 |a 1 Karte  |b farbig  |c 27 x 39 cm, gefaltet 21 x 10 cm 
336 |a kartografisches Bild  |b cri  |2 rdacontent 
337 |a ohne Hilfsmittel zu benutzen  |b n  |2 rdamedia 
338 |a Blatt  |b nb  |2 rdacarrier 
500 |a Nebenkarte: Ukraine. Carte administrative et territoriale, 9 x 12 cm 
500 |a Mit touristischen Informationen und Illustrationen 
648 7 |a Geschichte 2003  |2 gnd 
650 7 |a Tourismus  |0 (DE-588)4018406-7  |0 (DE-603)085043508  |2 gnd 
651 7 |a Ukraine  |0 (DE-588)4061496-7  |0 (DE-603)085170801  |2 gnd 
655 7 |a Karte  |2 gnd-content  |0 (DE-588)4029783-4  |0 (DE-603)085078743 
924 0 |9 Mb 50  |a (DE-603)1337581836  |b DE-Mb50  |c HES  |d d  |g K 42 II L 36 a 
924 0 |9 Mb 50  |a (DE-603)1337581844  |b DE-Mb50  |c HES  |d d  |g K 42 II L 36 b